All F1 rookies 2000-2009 - Statistics

General Stats
  • This quiz has been taken 11 times
  • The average score is 27 of 49
Answer Stats
Hint Answer % Correct
2001, 2003-18, 2021-present๐Ÿ‡ช๐Ÿ‡ธ Fernando Alonso
100%
2002, 2004-17๐Ÿ‡ง๐Ÿ‡ท Felipe Massa
88%
2000-17๐Ÿ‡ฌ๐Ÿ‡ง Jenson Button
88%
2007-present๐Ÿ‡ฌ๐Ÿ‡ง Lewis Hamilton
88%
2002-13๐Ÿ‡ฆ๐Ÿ‡บ Mark Webber
88%
2006-16๐Ÿ‡ฉ๐Ÿ‡ช Nico Rosberg
88%
2006-10, 2019, 2021๐Ÿ‡ต๐Ÿ‡ฑ Robert Kubica
88%
2009, 2012-20๐Ÿ‡ซ๐Ÿ‡ท Romain Grosjean
88%
2006-07๐Ÿ‡บ๐Ÿ‡ธ Scott Speed
88%
2007-11, 2013-14๐Ÿ‡ฉ๐Ÿ‡ช Adrian Sutil
75%
2009-12, 2014๐Ÿ‡ฏ๐Ÿ‡ต Kamui Kobayashi
75%
2001-09, 2012-21๐Ÿ‡ซ๐Ÿ‡ฎ Kimi Rรคikkรถnen
75%
2007-22๐Ÿ‡ฉ๐Ÿ‡ช Sebastian Vettel
75%
2002-08๐Ÿ‡ฏ๐Ÿ‡ต Takuma Sato
75%
2004๐Ÿ‡ฎ๐Ÿ‡น Giorgio Pantano
63%
2000-11๐Ÿ‡ฉ๐Ÿ‡ช Nick Heidfeld
63%
2004, 2008-12๐Ÿ‡ฉ๐Ÿ‡ช Timo Glock
63%
2001๐Ÿ‡จ๐Ÿ‡ฟ Tomรกลก Enge
63%
2005-07, 2009-11๐Ÿ‡ฎ๐Ÿ‡น Vitantonio Liuzzi
63%
2003-04๐Ÿ‡ญ๐Ÿ‡บ Zsolt Baumgartner
63%
2001-02๐Ÿ‡ฒ๐Ÿ‡พ Alex Yoong
50%
2004-06, 2010๐Ÿ‡ฆ๐Ÿ‡น Christian Klien
50%
2001-02๐Ÿ‡ง๐Ÿ‡ท Enrique Bernoldi
50%
2001-06๐Ÿ‡จ๐Ÿ‡ด Juan Pablo Montoya
50%
2007-09๐Ÿ‡ฏ๐Ÿ‡ต Kazuki Nakajima
50%
2007๐Ÿ‡ฉ๐Ÿ‡ช Markus Winkelhock
50%
2003๐Ÿ‡ฉ๐Ÿ‡ฐ Nicolas Kiesa
50%
2003๐Ÿ‡ฎ๐Ÿ‡ช Ralph Firman
50%
2006-07, 2010๐Ÿ‡ฏ๐Ÿ‡ต Sakon Yamamoto
50%
2008-09๐Ÿ‡ซ๐Ÿ‡ท Sรฉbastien Bourdais
50%
2009-11๐Ÿ‡จ๐Ÿ‡ญ Sรฉbastien Buemi
50%
2006๐Ÿ‡ฏ๐Ÿ‡ต Yuji Ide
50%
2002๐Ÿ‡ฌ๐Ÿ‡ง Allan McNish
38%
2002, 2005, 2007-08๐Ÿ‡ฌ๐Ÿ‡ง Anthony Davidson
38%
2005-07๐Ÿ‡ณ๐Ÿ‡ฑ Christijan Albers
38%
2006๐Ÿ‡ซ๐Ÿ‡ท Franck Montagny
38%
2004๐Ÿ‡ฎ๐Ÿ‡น Gianmaria Bruni
38%
2007-13๐Ÿ‡ซ๐Ÿ‡ฎ Heikki Kovalainen
38%
2009-11๐Ÿ‡ช๐Ÿ‡ธ Jaime Alguersuari
38%
2003๐Ÿ‡ฌ๐Ÿ‡งโœ๏ธ Justin Wilson
38%
2005, 2010-11๐Ÿ‡ฎ๐Ÿ‡ณ Narain Karthikeyan
38%
2005๐Ÿ‡ฆ๐Ÿ‡น Patrick Friesacher
38%
2005-06๐Ÿ‡ฒ๐Ÿ‡จ๐Ÿ‡ณ๐Ÿ‡ฑ Robert Doornbos
38%
2003-05๐Ÿ‡ง๐Ÿ‡ท Antว’nio Pizzonia
25%
2003-04๐Ÿ‡ง๐Ÿ‡ท Cristiano da Matta
25%
2000-01๐Ÿ‡ฆ๐Ÿ‡ท Gaston Mazzacane
25%
2000-01๐Ÿ‡ง๐Ÿ‡ท Luciano Burti
25%
2008-09๐Ÿ‡ง๐Ÿ‡ท Nelson Piquet Jr
25%
2005-06๐Ÿ‡ต๐Ÿ‡น Tiago Monteiro
25%
No matching quizzes found
Score Distribution
Percent of People with Each Score
Percentile by Number Answered
Your Score History
You have not taken this quiz